| 000 | 00715nam a2200241 a 4500 | ||
|---|---|---|---|
| 005 | 20210219153150.0 | ||
| 008 | 991125n 000 0 u | ||
| 035 | _aUPN01000081369 | ||
| 100 | _aVilla, Richard A. | ||
| 222 | _aEDUCATIONAL LEADERSHIP | ||
| 245 | _aHow one district integrated special and general education | ||
| 300 | _a39-41 | ||
| 362 | _a50, No. 2, 1992 | ||
| 505 | _aFebrero 1993 | ||
| 653 | 0 | _aAPODAR A LAS PERSONAS | |
| 653 | 0 | _aEQUIPO DE ENSE\197ANZA | |
| 653 | 0 | _aPARTICIPACION DEL ESTUDIANTE | |
| 653 | 0 | _aREESTRUCTURACION ESCOLAR | |
| 653 | 0 | _aRELACION EDUCACION ESPECIAL-EDUCACION REGULAR | |
| 700 | _aThousand, Jacqueline S. | ||
| 904 |
_aAC _b019180 |
||
| 905 | _aArticulo | ||
| 999 |
_c69938 _d69938 |
||